Statystyki dla Ghost Recon: Wildlands Quiz [PL]

Kliknij tutaj aby rozwiązać quiz!

Ogólne statystyki

  • Ten quiz został rozwiązany 39 razy
  • Średni wynik to 6 z 15

Statystyki odpowiedzi

HintOdpowiedź% Poprawnych
W jakim kraju rozgrywa się akcja gry?Boliwia
100%
Boss narkotykowy. Główny antagonista w grze.El Sueno
59%
Jak nazywa się kartel, który próbujemy rozbić?Santa Blanca
55%
Agentka CIA. Pomaga rebeliantom i Ghostom rozbić kartel.Bowman
52%
Jaki pseudonim posiada główny bohater?Nomad
52%
Znany DJ w Boliwii. Członek kartelu.DJ Perico
48%
Członek drużyny Ghost. W domyślnym wyglądzie ma włosy spięte w kucyk i chustę.Midas
45%
Przywódca rebeliantów. Zabity ostatecznie przez szefa kartelu.Pac Katari
38%
Członek drużyny Ghost. Ciemnoskóry, zazwyczaj cichy.Weaver
34%
W którym roku rozgrywa się akcja gry?2019
31%
Członek drużyny Ghost. Czasem rzuci jakimś żartem, uwielbia demolkę. Jest singlem.Holt
31%
Agent DEA, działający pod przykrywką w kartelu. Zostaje zdemaskowany, torturowany i ostatecznie zabity.Ricky Sandoval
28%
W którym roku założono kartel?2008
21%
Jak nazywa się ukochana El Sueno?Nidia Flores
21%
W jakim miejscu ostatecznie udaje nam się znaleźć głównego antagonistę?Mazoleum
3%

Rozkład punktacji

Percentyl według liczby udzielonych odpowiedzi

Procent ludzi z każdym wynikiem

Twoja historia wyników

Nie rozwiązałeś tego quizu